000
00434nam a2200169Ia 4500
008
090711s9999 xx 000 0 und d
082
_b
58603
100
_a
रिक्टर कॉनराड
245
_a
रान
260
_c
1987
300
_a
184
600
_a
रिक्टर कॉनराड
630
_a
रान
700
_a
रिक्टर कॉनराड
730
_a
रान
942
_c
BOOK
999
_c
335448
_d
335448